000 00217nam a22000857a 4500
008 170427b xxu||||| |||| 00| 0 eng d
100 _93084
_aBatra S.K.etal.
245 _aTogether with Mathematics-VIII
260 _aNew Delhi
999 _c6371
_d6371